Gandhara art in Pakistan / (Record no. 586363)

000 -LEADER
fixed length control field 00989cam a2200289 a 4500
001 - CONTROL NUMBER
control field 12490406
003 - CONTROL NUMBER IDENTIFIER
control field NUST
005 - DATE AND TIME OF LATEST TRANSACTION
control field 20210902094107.0
008 - FIXED-LENGTH DATA ELEMENTS--GENERAL INFORMATION
fixed length control field 010801s1992 pk a 000 0 eng
010 ## - LIBRARY OF CONGRESS CONTROL NUMBER
LC control number 2001535089
038 ## - RECORD CONTENT LICENSOR
Staff Name Arshad
040 ## - CATALOGING SOURCE
Original cataloging agency DLC
Transcribing agency DLC
Modifying agency DLC
043 ## - GEOGRAPHIC AREA CODE
Geographic area code a-pk---
050 00 - LIBRARY OF CONGRESS CALL NUMBER
Classification number N7310.7
Item number .D37 1992
082 00 - DEWEY DECIMAL CLASSIFICATION NUMBER
Classification number 731.889430934
Author Mark DAN
100 1# - MAIN ENTRY--PERSONAL NAME
Personal name Dani, Ahmad Hasan.
9 (RLIN) 3723
245 10 - TITLE STATEMENT
Title Gandhara art in Pakistan /
Statement of responsibility, etc. A.H. Dani.
260 ## - PUBLICATION, DISTRIBUTION, ETC.
Place of publication, distribution, etc. Islamabad, Pakistan :
Name of publisher, distributor, etc. Dept. of Films & Publications, Ministry of Information & Media Development,
Date of publication, distribution, etc. 1992
300 ## - PHYSICAL DESCRIPTION
Extent 48 p. :
Other physical details ill. (some col.) ;
Dimensions 24 cm.
563 ## - BINDING INFORMATION
Binding note HBK
650 #0 - SUBJECT ADDED ENTRY--TOPICAL TERM
Topical term or geographic name entry element Art, Gandhara
Geographic subdivision Pakistan.
9 (RLIN) 5487
650 #0 - SUBJECT ADDED ENTRY--TOPICAL TERM
Topical term or geographic name entry element Buddhist art
Geographic subdivision Pakistan.
9 (RLIN) 5488
906 ## - LOCAL DATA ELEMENT F, LDF (RLIN)
a 7
b cbc
c orignew
d 2
e ncip
f 20
g y-gencatlg
942 ## - ADDED ENTRY ELEMENTS (KOHA)
Source of classification or shelving scheme
Koha item type Book
Holdings
Withdrawn status Lost status Source of classification or shelving scheme Damaged status Not for loan Permanent Location Current Location Date acquired Total Checkouts Full call number Barcode Date last seen Price effective from Koha item type
          Central Library (CL) Central Library (CL) 09/02/2021   731.889430934 DAN CL3067 09/02/2021 09/02/2021 Book
© 2023 Central Library, National University of Sciences and Technology. All Rights Reserved.